000 00545nam a2200181Ia 4500
001 13663
003 GE_BSU
008 181216s||||||||xx |||||||||||||| ||und||
040 _cGE_BSU
245 _aენა და კულტურა № 12. 2014
245 _bსამეცნიერო ჟურნალი
245 _cმთ.რედ:მანანა მიქაძე
260 _aქუთაისი
260 _c2014
300 _a180გვ.29სმ.
653 _aენა და კულტურა
942 _cCR
999 _c46812
_d46812